000 00292nam a2200133Ia 4500
100 _aBrushtein./ Dementyev.
942 _cBK
654 _aLathe works.
245 _aElements of lathe works.
260 _bPrace Publishers.
_c2001
082 _a621.942
300 _a442
546 _aENGLISH
999 _c34948
_d34948